| 000 | 00330nam a2200121Ia 4500 | ||
|---|---|---|---|
| 008 | 210430s9999 xx 000 0 und d | ||
| 082 | _a515.35 R149 A | ||
| 100 |
_aM.D.Raisinghania _954165 |
||
| 245 |
_aAdvanced Differential Equations _cM.D.Raisinghania |
||
| 260 |
_aIndia _bS. Chand _c2010 |
||
| 300 | _a3.28p | ||
| 942 |
_cBK _2ddc |
||
| 999 |
_c564642 _d564642 |
||